Consumer Behaviour and Attitudes by Purchasing of Selected Food Products

Problémy správania spotrebiteľov a faktory, ktoré na ne majú vplyv. Správanie pri nákupe a konzumácii bioproduktov, ktoré patrí k aktuálnym trendom. Pochopenie zdravého životného štýlu a abstrakt jeho klasifikácií.

Na minha lista:
Detalhes bibliográficos
Autor principal: Korčoková, Marína, 1970-
Outros Autores: Loydlová, Miroslava
Formato: Capítulo de Livro
Idioma:inglês
Assuntos:
Tags: Adicionar Tag
Sem tags, seja o primeiro a adicionar uma tag!

MARC

LEADER 00000naa a2200000 4500
001 0270989
005 20240502074244.4
041 0 |a eng 
044 |a SK 
245 1 0 |a Consumer Behaviour and Attitudes by Purchasing of Selected Food Products  |c Marína Korčoková, Miroslava Loydlová 
520 |a Problémy správania spotrebiteľov a faktory, ktoré na ne majú vplyv. Správanie pri nákupe a konzumácii bioproduktov, ktoré patrí k aktuálnym trendom. Pochopenie zdravého životného štýlu a abstrakt jeho klasifikácií. 
610 2 0 |a správanie spotrebiteľa 
610 2 0 |a spotrebitelia 
610 2 0 |a bioprodukty 
610 2 0 |a produkty environmentálne 
610 2 0 |a potraviny 
610 2 0 |a štýl životný 
610 2 0 |a prevencia 
100 1 |a Korčoková, Marína, 1970- 
700 1 |a Loydlová, Miroslava